| 000 | 00521nam a2200169 4500 | ||
|---|---|---|---|
| 001 | 126038 | ||
| 003 | ES-MaACL | ||
| 005 | 20230906192737.0 | ||
| 007 | t| | ||
| 008 | 070214s1965 sp r ||||1| spa d | ||
| 100 | 1 |
_aReifferscheid, M. _995987 |
|
| 245 | 1 | 0 |
_aCirugía del intestino / _cpor M. Reifferscheid ; traducción, Jaime Vilahur Pedrals. |
| 260 |
_a[S. l.] : _b[s. n.], _c1965. |
||
| 300 |
_aXII, 360 p. : _bil. ; _c26 cm. |
||
| 700 | 1 |
_aVilahur Pedrals, Jaime. _9114765 |
|
| 852 |
_aES-MaACL _jC-27760 _bR.56947 |
||
| 999 |
_c126038 _d126038 |
||